000 01017nam a2200241Ia 4500
003 GCL
005 20240530103150.0
008 140319s9999 xx 000 0 ara d
040 _aGCL /
_cGCL
082 0 4 _a240/
_bهـ م
100 1 _aالهمذانى، ابو الحسن عبدالجبار بن احمد بن عبدالجبار بن احمد الاسد ابادى
245 1 0 _aالمغنى فى أبواب التوحيد والعدل:
_bاللطف /
_cالقاضى ابى الحسن عبدالجبار ؛ اشراف طه حسين ؛ مراجعة ابراهيم مدكور ؛ حققة ابو العلا عفيفى
260 _a[S.N] :
_bوزارة الثقافة والارشاد القومى ،
_c1962
300 _a580 ص
650 0 4 _aالتوحيد
650 0 4 _aالعدل
650 0 4 _aعلم الكلام
650 0 4 _aاللطف
700 0 _aابراهيم مدكور
_eمراجع
700 0 _aطه حسين
_eمشرف
700 0 _aابوالعلا عفيفى
_eمحقق
942 _2ddc
_cBK
999 _c37280
_d37280